| 000 | 00365nam a2200145Ia 4500 | ||
|---|---|---|---|
| 008 | 150201s2010 xx 000 0 und d | ||
| 082 |
_a610 _b2010M |
||
| 100 | _aMCPHEE, STEPHEN | ||
| 245 | _a2010 CURRENT MEDICAL DIAGNOSIS | ||
| 250 | _a49TH | ||
| 260 |
_bMC-GROW-HILL _aNEW YORK _c2010 |
||
| 300 | _a1-1738 | ||
| 650 | _aMEDICINE AND DIAGNOSIS | ||
| 942 |
_2ddc _cBK _01 |
||
| 999 |
_c231 _d231 |
||